SIX plays from East & West Africa

Saved in:
Bibliographic Details
Format: Book
Language:English
Published: 2017.
Tags: Add Tag
No Tags, Be the first to tag this record!

MARC

LEADER 00000nam a22000007a 4500
008 210806b ||||| |||| 00| 0 eng d
020 |a ISBN: 978-1-84701-173-2 
245 |a SIX plays from East & West Africa  |e (African theatre  |f 16)  |g . xiv, 321p.; ill. 
250 |c volume editors, Jane Plastow & Martin Banham’ review editor; Martin Banham.- Woodbridge, Suffolk James Currey 
260 |c 2017.  |i  694230  |i , 694231-Arts.   |l PR9347 .Si1  |m 1. African drama (English)   |m 2. African drama – 20th century.  |m 3. Africa – Drama  |m I. Banham, Martin  |m II. Plastow, Jane  |m III. Banham, Martin.  |m V. Series. 
942 |a lcc  |c BK  |e j. o.ifatola  |f 06/ 08/ 2021 
952 |0 0  |1 0  |2 lcc  |4 0  |6 PR9347 S I1  |7 0  |9 2953  |a HOL  |b HOL  |c LP  |d 2021-08-06  |l 0  |o PR9347 .Si1  |p 2021-66629  |r 2021-08-06 00:00:00  |w 2021-08-06  |y BK 
952 |0 0  |1 0  |2 lcc  |4 0  |6 PR9347 S I1  |7 0  |9 2954  |a HOL  |b HOL  |c LP  |d 2021-08-06  |l 0  |o PR9347 .Si1  |p 2021-66630  |r 2021-08-06 00:00:00  |w 2021-08-06  |y BK 
999 |c 1496  |d 1496